El futuro de la democracia /
Guardado en:
| Autor Principal: | |
|---|---|
| Otros Autores: | |
| Formato: | Libro |
| Idioma: | Spanish |
| Publicado: |
México :
Fondo de Cultura Económica,
2014.
|
| Edición: | 3a. ed., 8a. reimp. |
| Series: | Política y derecho
|
| Materias: | |
| Etiquetas: |
Agregar Etiqueta
Sin Etiquetas, Sea el primero en etiquetar este registro!
|
| LEADER | 00567nam a22001815a 4500 | ||
|---|---|---|---|
| 001 | DER.der013727 | ||
| 008 | 181031s2014####mx############000#0#spa#d | ||
| 005 | 20251023091305.0 | ||
| 245 | 1 | 0 | |a El futuro de la democracia / |c Norberto Bobbio. |
| 250 | |a 3a. ed., 8a. reimp. | ||
| 260 | |a México : |b Fondo de Cultura Económica, |c 2014. | ||
| 300 | |a 214 p. | ||
| 490 | 1 | |a Política y derecho | |
| 020 | |a 9789681665050 | ||
| 100 | 1 | |a Bobbio, Norberto. | |
| 700 | 1 | |a Fernández-Santillán, José F., |e trad. | |
| 650 | 7 | |a CIENCIA POLÍTICA | |
| 859 | |a DERECHO |b BIB. DERECHO |h 321.4 |i BOB |p 008794 | ||
